The enlistment bonus experiment /
Saved in:
| Main Author: | |
|---|---|
| Corporate Author: | |
| Other Authors: | , |
| Format: | Book |
| Language: | English |
| Published: |
Santa Monica, CA :
Rand,
[1986]
|
| Subjects: | |
| Tags: |
Add Tag
No Tags, Be the first to tag this record!
|
| LEADER | 01139nam a22003138a 4500 | ||
|---|---|---|---|
| 001 | 001240468-3 | ||
| 005 | 20020606090541.3 | ||
| 008 | 860411s1986 cau b 00010 eng | ||
| 010 | |a 86010109 | ||
| 020 | |a 0833007246 | ||
| 035 | 0 | |a ocm13496986 | |
| 040 | |a DLC |c DLC | ||
| 043 | |a n-us--- | ||
| 100 | 1 | |a Polich, J. Michael. | |
| 245 | 1 | 4 | |a The enlistment bonus experiment / |c J. Michael Polich, James N. Dertouzod, S. James Press. |
| 260 | 0 | |a Santa Monica, CA : |b Rand, |c [1986] | |
| 300 | |a xiii, 60 p. : |b ill. ; |c 23 cm. | ||
| 500 | |a "Prepared for the Office of the Assistant Secretary of Defense/Force Management and Personnel." | ||
| 500 | |a "April, 1986." | ||
| 500 | |a "R-3553-FMP." | ||
| 504 | |a Bibliography: p. 59-60. | ||
| 650 | 0 | |a Bounties, Military |z United States. | |
| 651 | 0 | |a United States |x Armed Forces |x Recruiting, enlistment, etc. | |
| 651 | 0 | |a United States |x Armed Forces |x Pay, allowances, etc. | |
| 700 | 1 | |a Dertouzos, James N., |d 1950- | |
| 700 | 1 | |a Press, S. James. | |
| 710 | 1 | |a United States. |b Office of the Assistant Secretary of Defense/Force Management and Personnel. | |
| 988 | |a 20020608 | ||
| 906 | |0 DLC | ||


